Anime OP: The First Five Seconds Quiz Stats

 Plays Quiz not verified by Sporcle

Challenge
Share
Tweet
Score 0/85 Timer 16:00
0 Plays Today
Time Anime Title % Correct
0:05-0:09Sailor Moon
90%
5:45-5:49Bleach
73.6%
2:19-2:23Angel Beats
71.9%
6:16-6:19Neon Genesis Evangelion
69.6%
2:09-2:13Higurashi no Naku Koro ni
63%
5:05-5:09Toradora!
61.3%
4:55-4:59Full Metal Alchemist
59.6%
2:48-2:52Darker than Black
50%
0:20-0:24CardCaptor Sakura
47%
6:50-6:54Kuroshitsuji
46.2%
6:25-6:29Shuffle
44%
5:19-5:24Yu Yu Hakusho
42.3%
1:19-1:23Full Metal Panic
38.7%
4:50-4:54Chrno Crusade
37.4%
6:30-6:34Nana
35.5%
4:45-4:49Toaru Kagaku no Railgun
35.3%
2:29-2:33Air Gear
33.2%
0:00-0:04Claymore
32.1%
5:15-5:18Ghost in the Shell Stand Alone Complex
30%
1:49-1:53Macross Frontier
29.8%
3:14-3:18Outlaw Star
29.6%
2:14-2:18Paradise Kiss
28.9%
3:38-3:42Black Cat
27.4%
3:53-3:57Gundam 00
26.6%
3:19-3:22Kamisama Dolls
25.5%
0:15-0:19Utawarerumono
24.5%
0:44-0:48Speed Grapher
24.5%
7:00-7:06Jigoku Shoujo
23.8%
0:41-0:43Big O
21.3%
Time Anime Title % Correct
6:40-6:44Trinity Blood
20.2%
1:44-1:48Hikaru no Go
19.4%
3:23-3:27Ga-Rei Zero
19.4%
6:55-6:59Ah! My Goddess TV
19.1%
4:24-4;29Slayers
18.3%
5:25-5:28RahXephon
17.2%
1:34-1:38DNAngel
17%
2:53-2:57Basilisk
17%
3:33-3:37Vandread
16%
2:38-2:42Kono Minikuku mo Utsukushii Sekai
14%
1:24-1:28Hack Roots
12.8%
5:10-5:14Bartender
12.3%
3:58-4:02Dog Days
12.1%
4:35-4:39Erementar Gerad
11.9%
5:55-6:00Witch Hunter Robin
11.9%
0:49-0:53Maburaho
11.3%
2:43-2:47The Law of Ueki
11.1%
0:25-0:29Needless
10.9%
3:43-3:46Sousei no Aquarion
10.9%
4:19-4:23Scrapped Princess
10.6%
1:39-1:43Yozakura Quartet
9.6%
3:03-3:08He is My Master
9.4%
5:29-5:34s-CRY-ed
9.4%
0:36-0:40Ai Yori Aoshi
8.1%
0:59-1:03Kannazuki no Miko
8.1%
6:35-6:39Flame of Recca
8.1%
6:45-6:49Samurai Deeper Kyo
7.7%
0:54-0:58Solty Rei
7.2%
4:40-4:44Shangri-La
7.2%
Time Anime Title % Correct
1:29-1:33Gatekeepers
6.6%
2:34-2:37Rideback
6.4%
2:58-3:02Groove Adventure Rave
6.4%
1:04-1:08Soul Taker
5.1%
2:24-2:28Witchblade
5.1%
0:30-0:35Lost Universe
3.6%
3:09-3:13Matantei Loki Ragnarok
3.6%
5:35-5:38Mai Otome
3.6%
3:47-3:52Soul Link
3.4%
6:20-6:24Grenadier
3%
0:10-0:14Pumpkin Scissors
2.8%
1:09-1:13Comic Party
2.6%
4:08-4:13X TV
2.6%
5:00-5:04Uta Kata
2.6%
2:04-2:08Sunabouzu
2.3%
3:28-3;32Dual! Parallel Trouble Adventure
2.3%
1:14-1:18Tokyo Underground
1.9%
6:10-6:15Star Ocean EX
1.7%
6:01-6:05Blassreiter
1.5%
4:03-4:07Shin Mazinger Shougeki! Z Hen
1.1%
5:39-5:44Suzuka
1.1%
1:54-1:59Futakoi
0.6%
2:00-2:03Otogi-Juushi Akazukin
0.6%
5:50-5:54Ray the Animation
0.6%
6:06-6:09Ontama
0.6%
4:14-4:18Tide Line Blue
0%
4:30-4:34Zipang
0%

You're not logged in!

Compare scores with friends on all Sporcle quizzes.
Join for Free
OR
Log In

You Might Also Like...

Show Comments

Extras

Created Mar 2, 2012SourceReportNominate
Tags:Anime Quiz, five, second

Top Quizzes Today


Score Distribution

Your Account Isn't Verified!

In order to create a playlist on Sporcle, you need to verify the email address you used during registration. Go to your Sporcle Settings to finish the process.

Report this User

Report this user for behavior that violates our Community Guidelines.

Details: